|
|
|
|
| LEADER |
00000cam a2200000 7i4500 |
| 001 |
0000040637 |
| 005 |
20140430.0 |
| 008 |
140430 |
| 020 |
|
|
|a 8131910788
|
| 090 |
0 |
0 |
|a 616.994
|b CLA
|
| 100 |
1 |
|
|a Clark, Hulda Regehr
|
| 245 |
1 |
4 |
|a The cure for all cancers
|c Dr Hulda Regehr Clark
|
| 260 |
|
|
|a New Delhi :
|b Vishv Vijay Pvt. Ltd ,
|c [s.n]
|
| 650 |
|
0 |
|a Cancers
|x Medicine
|
| 999 |
|
|
|a 0001267752
|b Book
|c Adult Collection
|e Cawangan Segamat
|
| 999 |
|
|
|a 0001267753
|b Book
|c Adult Collection
|e Cawangan AEON Kulaijaya
|
| 999 |
|
|
|a 0001267754
|b Book
|c Adult Collection
|e Cawangan Mersing
|
| 999 |
|
|
|a 0001267755
|b Book
|c Adult Collection
|e Cawangan Bukit Gambir
|
| 999 |
|
|
|a 0001291529
|b Book
|c Adult Collection
|e Cawangan Urban Transformation Centre
|
| 999 |
|
|
|a 0001291530
|b Book
|c Adult Collection
|e Cawangan Taman Sri Lambak
|
| 999 |
|
|
|a 0001291531
|b Book
|c Adult Collection
|e Cawangan Bandar Tenggara
|
| 999 |
|
|
|a 0001291533
|b Book
|c Adult Collection
|e Cawangan Bandar Penawar
|
| 999 |
|
|
|a 0001291534
|b Book
|c Adult Collection
|e Cawangan Mersing
|
| 999 |
|
|
|a 0001291537
|b Book
|c Adult Collection
|e Cawangan Muar
|